| 000 | 00397nam a22001217a 4500 | ||
|---|---|---|---|
| 999 |
_c5532 _d5532 |
||
| 008 | 250926b ||||| |||| 00| 0 eng d | ||
| 020 | _a9780316349451 | ||
| 082 | _a813.00 DAV | ||
| 100 |
_aDAVIS,JACKY _eAUTHOR _lENGLISH |
||
| 245 | _aGOOD DREAM DRAGON | ||
| 260 |
_a1290 AVENUE OF THE AMERICAS,NEW YORK,NY 10104 _bCHRISTY OTTAVIANO BOOKS IS AN IMPRINT OF LITTLE,BROWN AND COMPANY _c2022 |
||
| 942 | _2ddc | ||